000 00434 a2200169 4500
003 NUST
020 _a 9698637001
038 _aA
082 _a 821
_bKHA
100 _aIrshad Ullah Khan
_981003
245 _aThis nuclear night of winter light
_cIrshad Ullah Khan
260 _aIslamabad :
_bEastern Publications,
_c2001.
300 _a81 p. ;
_c19 cm.
563 _aH.B
650 _aEnglish poetry
_949858
942 _cBK
_k821 KHA
_2ddc
999 _c5249
_d5249